Marappavakalum Mattu Pradhana Kathakalum (Record no. 135264)

MARC details
000 -LEADER
fixed length control field 00522nam a22001817a 4500
003 - CONTROL NUMBER IDENTIFIER
control field OSt
005 - DATE AND TIME OF LATEST TRANSACTION
control field 20221209112500.0
008 - FIXED-LENGTH DATA ELEMENTS--GENERAL INFORMATION
fixed length control field 221209b |||||||| |||| 00| 0 eng d
020 ## - INTERNATIONAL STANDARD BOOK NUMBER
International Standard Book Number 81-264-0564-3
040 ## - CATALOGING SOURCE
Transcribing agency SBCL
082 ## - DEWEY DECIMAL CLASSIFICATION NUMBER
Classification number 894.8123
Item number NEE-M
100 ## - MAIN ENTRY--PERSONAL NAME
Personal name Neelakandanpillai
245 ## - TITLE STATEMENT
Title Marappavakalum Mattu Pradhana Kathakalum
260 ## - PUBLICATION, DISTRIBUTION, ETC.
Place of publication, distribution, etc. Kottayam
Name of publisher, distributor, etc. DC Books
Date of publication, distribution, etc. 2003
300 ## - PHYSICAL DESCRIPTION
Extent 116
650 ## - SUBJECT ADDED ENTRY--TOPICAL TERM
Topical term or geographic name entry element Other literatures
942 ## - ADDED ENTRY ELEMENTS (KOHA)
Koha item type BOOK
650 ## - SUBJECT ADDED ENTRY--TOPICAL TERM
Source of heading or term Literature, rhetoric & criticism
Form subdivision Altaic, Uralic, Hyperborean & Dravidian
Holdings
Withdrawn status Lost status Source of classification or shelving scheme Damaged status Not for loan Home library Current library Date acquired Total Checkouts Full call number Barcode Shelving location Date last seen Cost, replacement price Price effective from Koha item type
    Dewey Decimal Classification     SB LIBRARY SB LIBRARY 09/12/2022   894.8123 NEE-M 109959 GENERAL STACK 09/12/2022 50.00 09/12/2022 BOOK

Powered by Koha